000 01070nam a2200229 i 4500
001 165659
003 ES-MaACL
005 20230906213200.0
008 050901s1898 xxk | |||||||| ||eng d
040 _aCAM
_bspa
_cCAM
080 _a821.111-4"17"
245 0 4 _aThe Spectator /
_cwith introduction and notes by George A. Aitken.
260 _aLondon :
_bGeorge Routledge & Sons,
_c[s.a.] (
_fR. Clay and Sons)
300 _a6 v. (XXXVI, 427; 404; 387; 416; 484; 502 p.) ;
_c15 cm.
490 1 _aThe New Universal Library
505 8 _aContiene: 1. [Letters 1 to 100.] - s.d. - XXXVI-428-8 p. 2. [Letters 101 to 200.] - s.d. - 404-6 p. 3. [Letters 201 to 300.] - s.d. - 388 p. 4. [Letters 301 to 400.] - s.d. - 416 p. 5. [Letters 401 to 525.] - s.d. 484 p. 6. [Letters 526 to 635. Appendices. Index to the six volumes.] - s.d. - 502 p
596 _aEn prelim. consta la fecha de 1898.
700 1 _aAitken, George A.
_9125569
830 0 _aThe New Universal Library
_9187927
852 _aES-MaACL
_jG-14898-903
_z-- Enc. tela verde
999 _c165659
_d165659